[Event "Southern California-ch cand"]
[Site "Costa Mesa"]
[Date "2003.06.22"]
[Round "4"]
[White "West, Vanessa A"]
[Black "Durham, Diana G"]
[Result "1/2-1/2"]
[WhiteElo "2013"]
[BlackElo "2017"]
[PlyCount "120"]
[EventDate "2003.06.21"]
[EventType "swiss"]
[EventRounds "4"]
[EventCountry "USA"]
[SourceTitle "EXT 2014"]
[Source "ChessBase"]
[SourceDate "2013.11.20"]
[SourceVersion "1"]
[SourceVersionDate "2013.11.20"]
[SourceQuality "1"]

1. e4 c5 2. Nf3 e6 3. d4 cxd4 4. Nxd4 a6 5. Nc3 Qc7 6. Be3 Nf6 7. Bd3 Be7 8. 0-0 d6 9. f4 Nc6 10. a3 Bd7 11. h3 0-0 12. g4 Nxd4 13. Bxd4 e5 14. Be3 exf4 15. Bxf4 Bc6 16. Qe2 Rae8 17. Rad1 Qb6+ 18. Be3 Qc7 19. Qg2 d5 20. exd5 Nxd5 21. Nxd5 Bxd5 22. Bxh7+ Kxh7 23. Rxd5 Bxa3 24. Bd4 Bd6 25. c3 Kg8 26. Qc2 Re6 27. Rh5 Rg6 28. Rhf5 Re6 29. Rg5 Be5 30. Bf2 g6 31. h4 Bg3 32. h5 Bxf2+ 33. Qxf2 Qe7 34. Qf5 Kg7 35. Qd5 Rd8 36. Qc5 Qxc5+ 37. Rxc5 Rd7 38. Rf2 Re4 39. Rg2 Rde7 40. b4 Rf4 41. Kh2 Rfe4 42. Kh3 R4e5 43. Rxe5 Rxe5 44. Kh4 gxh5 45. gxh5+ Kh6 46. Rd2 Re4+ 47. Kg3 Re3+ 48. Kf2 Rxc3 49. Rd7 f5 50. Rxb7 Kxh5 51. b5 axb5 52. Rxb5 Kg4 53. Rb4+ f4 54. Rb8 Rc2+ 55. Kg1 Kg3 56. Rg8+ Kf3 57. Rf8 Rc1+ 58. Kh2 Re1 59. Rf7 Re5 60. Kg1 Rg5+ 1/2-1/2